100 plus grandes villes de Normandie - Statistiques

Statistiques générales
  • Ce quiz a été pris 82 fois
    52 depuis la dernière actualisation
  • Le résultat moyen est 38 sur 100
Statistiques - réponses
Nbr d'hab Commune % Correct
2 116 331 76 Rouen
98%
1 166 462 76 Le Havre
96%
3 108 398 14 Caen
94%
4 78 028 50 Cherbourg en Cotentin
87%
5 48 335 27 Evreux
87%
10 25 667 61 Alençon
83%
8 28 599 76 Dieppe
83%
16 19 352 50 Saint Lô
83%
28 12 754 14 Bayeux
79%
27 12 799 50 Granville
74%
13 21 935 76 Le Petit Quevilly
72%
15 19 540 14 Lisieux
72%
9 25 954 76 Le Grand Quevilly
70%
41 10 225 50 Avranches
64%
18 17 961 76 Fécamp
64%
70 6 751 14 Honfleur
64%
6 29 039 76 Sotteville lès Rouen
62%
11 24 841 27 Vernon
62%
34 11 548 76 Yvetot
60%
12 22 473 14 Hérouville Saint Clair
57%
19 17 400 14 Vire Normandie
57%
55 8 372 50 Coutances
55%
44 9 801 27 Bernay
53%
24 14 308 61 Flers
51%
49 9 261 14 Ouistreham
51%
7 28 653 76 Saint Etienne du Rouvray
51%
20 15 774 76 Elbeuf
49%
14 20 188 76 Mont Saint Aignan
49%
25 13 493 61 Argentan
47%
35 11 444 50 La Hague
47%
32 11 868 14 Ifs
45%
22 14 497 76 Bois Guillaume
43%
17 18 347 27 Louviers
43%
26 12 939 27 Val de Reuil
43%
23 14 420 76 Canteleu
40%
42 10 220 50 Carentan les Marais
40%
45 9 722 76 Grand Couronne
40%
61 7 771 61 L'Aigle
40%
51 8 738 76 Petit Couronne
40%
31 12 227 76 Barentin
38%
36 11 005 76 Maromme
38%
40 10 286 14 Mondeville
38%
30 12 287 76 Oissel sur Seine
38%
62 7 744 61 Falaise
36%
29 12 395 27 Gisors
36%
60 7 822 27 Les Andelys
36%
52 8 708 76 Lillebonne
36%
43 9 950 27 Pont Audemer
36%
69 6 785 27 Gaillon
34%
65 7 015 76 Sainte Adresse
34%
68 6 896 50 Valognes
34%
33 11 618 76 Bolbec
32%
75 6 147 76 Octeville sur Mer
32%
56 8 299 76 Bihorel
30%
47 9 652 76 Darnétal
30%
71 6 541 76 Eu
30%
21 15 671 76 Montivilliers
30%
95 4 975 27 Pacy sur Eure
30%
38 10 414 76 Caudebec lès Elbeuf
28%
37 10 690 76 Déville lès Rouen
28%
57 8 296 76 Harfleur
28%
93 5 116 14 Pont l'Evêque
28%
64 7 262 27 Verneuil d'Avre et d'Iton
28%
50 8 939 76 Gonfreville l'Orcher
26%
39 10 392 76 Port Jérôme sur Seine
26%
81 6 018 14 Condé en Normandie
23%
87 5 622 14 Fleury sur Orne
23%
84 5 834 76 Gournay en Bray
23%
67 7 004 76 Notre Dame de Bondeville
23%
54 8 429 76 Saint Aubin lès Elbeuf
23%
99 4 860 27 Conches en Ouche
21%
59 7 998 76 Le Mesnil Esnard
21%
74 6 183 14 Livarot Pays d'Auge
21%
78 6 095 76 Pavilly
21%
66 7 015 14 Colombelles
19%
48 9 626 76 Petit Caux
19%
82 5 991 14 Blainville sur Orne
17%
98 4 863 76 Cléon
17%
91 5 129 14 Dives sur Mer
17%
92 5 123 14 Douvres la Délivrande
17%
79 6 081 76 Franqueville Saint Pierre
17%
94 5 095 61 La Ferté Macé
17%
46 9 678 14 Mézidon Vallée d'Auge
17%
58 8 295 76 Saint Pierre lès Elbeuf
17%
72 6 444 76 Bonsecours
15%
83 5 888 50 Bricquebec en Cotentin
15%
89 5 273 14 Cormelles le Royal
15%
77 6 125 76 Malaunay
15%
85 5 735 50 Saint Hilaire du Harcouët
15%
96 4 966 50 Saint James
15%
88 5 508 27 Saint Sébastien de Morsent
15%
90 5 156 27 Le Val d'Hazey
13%
76 6 142 27 Mesnils sur Iton
9%
63 7 265 14 Saint Pierre en Auge
9%
53 8 643 14 Souleuvre en Bocage
9%
73 6 189 14 Thue et Mue
9%
86 5 692 14 Valdallière
9%
80 6 026 27 Vexin sur Epte
6%
100 4 850 61 Trinchebray Bocage
4%
97 4 956 50 Guilberville
0%
Aucun quiz correspondant
Distribution des résultats
% des personnes avec chaque résultat
Percentile par nombre de réponses
Votre historique - résultats
Vous n’avez pas pris ce quiz depuis la dernière actualisation